Welcome to WEB OPAC of MRSPTU Central Library

Neural networks : a classroom approach (Record no. 4684)

MARC details
000 -LEADER
fixed length control field 00404nam a2200157Ia 4500
008 - FIXED-LENGTH DATA ELEMENTS--GENERAL INFORMATION
fixed length control field 230711s9999||||xx |||||||||||||| ||und||
041 ## - LANGUAGE CODE
Language code of text/sound track or separate title ENG
082 ## - DEWEY DECIMAL CLASSIFICATION NUMBER
Classification number 6.3
Item number SA-N
100 ## - MAIN ENTRY--PERSONAL NAME
Personal name Satish,Kumar
245 #0 - TITLE STATEMENT
Title Neural networks : a classroom approach
250 ## - EDITION STATEMENT
Edition statement 1st Ed.
260 ## - PUBLICATION, DISTRIBUTION, ETC.
Date of publication, distribution, etc. 2007
Place of publication, distribution, etc. New Delhi
Name of publisher, distributor, etc. Tata McGraw Hill Education Limited
300 ## - PHYSICAL DESCRIPTION
Extent 736
650 ## - SUBJECT ADDED ENTRY--TOPICAL TERM
Topical term or geographic name entry element Computer Engineering
942 ## - ADDED ENTRY ELEMENTS (KOHA)
Koha item type Book
Holdings
Withdrawn status Lost status Damaged status Not for loan Collection Home library Current library Date acquired Total checkouts Full call number Barcode Date last seen Price effective from Koha item type Date last checked out
          MRSPTU Central Library MRSPTU Central Library     6.3 SA-N 16417 08/17/2023 08/17/2023 Book  
          MRSPTU Central Library MRSPTU Central Library     6.3 SA-N 16418 08/17/2023 08/17/2023 Book  
          MRSPTU Central Library MRSPTU Central Library     6.3 SA-N 16419 08/17/2023 08/17/2023 Book  
          MRSPTU Central Library MRSPTU Central Library   5 6.3 SA-N 16420 05/20/2025 08/17/2023 Book 04/30/2025
          MRSPTU Central Library MRSPTU Central Library     6.3 SA-N 16421 08/17/2023 08/17/2023 Book  

Website Designed and Developed by MRSPTU Central Library Team

E-mail Id: librarian@mrsptu.ac.in